00453nam a2200157Ia 4500041001200000082000800012082001100020100004500031245009800076260001300174260004300187260000900230300001500239365002500254650001600279 aEnglish a630 bMIN/RE aMinistry of Agriculture And irrigation  aReport of the national commission on Agriculture 1976: planning statistics and Administration aNewdelhi bMinistry of Agriculture and irrigation c1976 a321 Pages aRs.20  aAgriculture